Culture Générale - Série 382 - Statistiques

Statistiques générales
  • Ce quiz a été pris 285 fois
  • Le résultat moyen est 8 sur 10
Statistiques - réponses
Question Réponse % Correct
Quelle est la capitale de la Grèce ? Athènes
100%
Combien de jours le mois de décembre compte-t-il ? 31
99%
Quel pays d'Asie obtient-on en enlevant une lettre au département de l'Indre ? L'Inde
97%
Quel département français, dont le chef-lieu est Bourges, a pour nom un synonyme de l'adjectif coûteux ? Le Cher
93%
Quel département français a le même nom que le résultat d'une addition ? La Somme
92%
Dans un Scrabble français, combien de points vaut la lettre "Z" ? 10 points
91%
En 2009, qui présente "Secret Story" sur TF1? Benjamin Castaldi
77%
Quel est le prénom de la seconde épouse du prince Charles, héritier du trône d'Angleterre ? Camilla
71%
Quelle série télévisée se déroule dans Wisteria Lane ? Desperate Housewives
51%
Quelle actrice formait le trio comique "Les Filles" avec Michèle Bernier et Isabelle de Botton ? Mimie Mathy
41%
Aucun quiz correspondant
Distribution des résultats
% des personnes avec chaque résultat
Percentile par nombre de réponses
Votre historique - résultats
Vous n’avez pas pris ce quiz